Programming Microsoft Azure Service Fabric/ (Record no. 174089)

MARC details
000 -LEADER
fixed length control field 00588nam a22002057a 4500
005 - DATE AND TIME OF LATEST TRANSACTION
control field 20200317120404.0
010 ## - LCCN (DPL NO)
LC control number ENG-128076
020 ## - INTERNATIONAL STANDARD BOOK NUMBER
International Standard Book Number 9789388028783
Terms of availability 695.00
035 ## - SYSTEM CONTROL NUMBER
System control number EN-111608
037 ## - SOURCE OF ACQUISITION
Source of stock number/acquisition DBAD/PUB
082 ## - DEWEY DECIMAL CLASSIFICATION NUMBER
Classification number 004.6782
100 ## - MAIN ENTRY--PERSONAL NAME
Personal name Bai, Haishi
245 ## - TITLE STATEMENT
Title Programming Microsoft Azure Service Fabric/
Statement of responsibility, etc by Haishi, Bai
250 ## - EDITION STATEMENT
Edition statement 2nd.
260 ## - PUBLICATION, DISTRIBUTION, ETC. (IMPRINT)
Place of publication, distribution, etc Delhi
Name of publisher, distributor, etc PHI Learning
Date of publication, distribution, etc 2019
270 ## - ADDRESS
Address 111,Patparganj Industrial Estate
City Delhi
Postal code 110092
300 ## - PHYSICAL DESCRIPTION
Extent xxx;493p.
Dimensions 23cm(pbk)
500 ## - GENERAL NOTE
General note includes index
942 ## - ADDED ENTRY ELEMENTS (KOHA)
Source of classification or shelving scheme Dewey Decimal Classification
Item type English Books
Classification part 004.6782
Call number suffix BAI
Holdings
Withdrawn status Lost status Not for loan Collection code Home library Current library Date acquired Source of acquisition Cost, normal purchase price Full call number Barcode Copy number Cost, replacement price Koha item type
      Non-fiction Central Library Central Library 17/03/2020 DBAD/PUB 1.00 004.6782 BAI EN-111608 1 695.00 English Books

© Delhi Public Library
Hit Counter
free hit counter